| 000 | 01544pam a2200325 a 4500 | ||
|---|---|---|---|
| 001 | 2543780 | ||
| 005 | 20081117090256.0 | ||
| 008 | 941104s1995 nyuab b 001 0 eng | ||
| 010 | _a 94043391 | ||
| 020 | _a0195211529 | ||
| 040 |
_aDLC _cDLC _dDLC |
||
| 050 | 0 | 0 |
_aQH541 _b.S5345 1995 |
| 082 | 0 | 0 |
_a333.95137 _220 _bGUI |
| 100 | 1 |
_aSimon, Noel, _d1921-2008. _97416 |
|
| 240 | 1 | 0 | _aGuinness guide to nature in danger |
| 245 | 1 | 0 |
_aNature in danger : _bthreatened habitats and species / _cNoel Simon in association with the World Conservation Monitoring Centre, Cambridge, England. |
| 260 |
_aNew York : _bOxford University Press, _c1995. |
||
| 300 |
_a240 p. : _bcol. ill., maps ; _c30 cm. |
||
| 500 | _aOriginally published: The Guinness guide to nature in danger. Enfield, Middlesex : Guinness Pub., 1993. | ||
| 504 | _aIncludes bibliographical references and index. | ||
| 650 | 0 |
_aHabitat (Ecology) _97417 |
|
| 650 | 0 |
_aEndangered species. _97418 |
|
| 650 | 0 |
_aNature conservation. _97419 |
|
| 710 | 2 |
_aWorld Conservation Monitoring Centre. _97420 |
|
| 856 | 4 | 2 |
_3Publisher description _uhttp://www.loc.gov/catdir/enhancements/fy0640/94043391-d.html |
| 856 | 4 | 2 |
_3Contributor biographical information _uhttp://www.loc.gov/catdir/enhancements/fy0725/94043391-b.html |
| 942 |
_2ddc _cBB |
||
| 999 |
_c12165 _d12165 |
||